10 największych miast w krajach bałtyckich - Statystyki

Ogólne statystyki
  • Ten quiz został rozwiązany 499 razy
  • Średni wynik to 6 z 10
Statystyki odpowiedzi
Liczba ludności % ludności Miasto % Poprawnych
658 640 11% Ryga
98%
576 747 9,5% Wilno
96%
430 805 7,0% Tallinn
95%
418 087 6,9% Kowno
75%
202 929 3,3% Kłajpeda
63%
93 312 1,5% Dyneburg
30%
93 715 1,5% Tartu
30%
145 629 2,4% Szawle
25%
76 731 1,3% Lipawa
24%
126 483 2,1% Poniewież
20%
Nie znaleziono quizów pasujących do podanych kryteriów
Rozkład punktacji
Procent ludzi z każdym wynikiem
Percentyl według liczby udzielonych odpowiedzi
Twoja historia wyników
Nie rozwiązałeś tego quizu